In the second meeting of the first session of the ninth parliament of the fourth republic of Ghana. Report of the committee on foreign affairs and regional integration on the ratification of the agreement on mutual visa exemption for holders of diplomatic, official and service passports between the government of the republic of Ghana and the republic of Colombia (Record no. 5693)

MARC details
000 -LEADER
fixed length control field 00956nam a22001697a 4500
003 - CONTROL NUMBER IDENTIFIER
control field OSt
005 - DATE AND TIME OF LATEST TRANSACTION
control field 20250806140528.0
008 - FIXED-LENGTH DATA ELEMENTS--GENERAL INFORMATION
fixed length control field 250806b |||||||| |||| 00| 0 eng d
041 ## - LANGUAGE CODE
Language code of text/sound track or separate title English
082 ## - DEWEY DECIMAL CLASSIFICATION NUMBER
Classification number CR/FAR/25 Acc No: 11,859
110 ## - MAIN ENTRY--CORPORATE NAME
Corporate name or jurisdiction name as entry element Parliament of Ghana
245 ## - TITLE STATEMENT
Title In the second meeting of the first session of the ninth parliament of the fourth republic of Ghana. Report of the committee on foreign affairs and regional integration on the ratification of the agreement on mutual visa exemption for holders of diplomatic, official and service passports between the government of the republic of Ghana and the republic of Colombia
260 ## - PUBLICATION, DISTRIBUTION, ETC.
Place of publication, distribution, etc. Accra-Osu
Name of publisher, distributor, etc. Parliament of Ghana
Date of publication, distribution, etc. 23rd July,2025
300 ## - PHYSICAL DESCRIPTION
Extent 16p;
650 ## - SUBJECT ADDED ENTRY--TOPICAL TERM
Source of heading or term the ratification of the agreement on mutual visa exemption for holders of diplomatic, official and service passports between the government of the republic of Ghana and the republic of Colombia
942 ## - ADDED ENTRY ELEMENTS (KOHA)
Source of classification or shelving scheme Dewey Decimal Classification
Koha item type Committee Reports
Suppress in OPAC No
Holdings
Withdrawn status Lost status Source of classification or shelving scheme Damaged status Not for loan Home library Current library Shelving location Date acquired Total checkouts Full call number Date last seen Copy number Price effective from Koha item type
    Dewey Decimal Classification     Main Library Main Library Open Shelves 06/08/2025   CR/FAR/25 Acc No: 11,859 C1 06/08/2025 1 06/08/2025 Committee Reports
    Dewey Decimal Classification     Main Library Main Library Open Shelves 06/08/2025   CR/FAR/25 Acc No: 11,860 C2 06/08/2025 2 06/08/2025 Committee Reports
    Dewey Decimal Classification     Main Library Main Library Open Shelves 06/08/2025   CR/FAR/25 Acc No: 11,861 C3 06/08/2025 3 06/08/2025 Committee Reports
©2026  Parliament of Ghana Library - All rights reserved